00897cam a22002417a 4500003000500000005001700005008004100022010001000063011001000073035001000083040000900093100003300102245020100135260004100336300003800377502007100415650001800486650003400504650003500538650001200573650003100585700003900616CHAP20220329141841.0980206d1997 mx ab r 00110 spa d a74775 a75747 a85316 cCHAP00aHernández Parra, Humberto.10aCaracterización hidrogeológica y diseño del sistema de bombeo para aprovechar el manantial Los Berros en Yaonahuac, Pueblac/por Humberto Hernández Parra y Héctor Manuel Núñez Acosta aChapingo, Méx. :bEl autor,c1997. a70 h. :bilus. ; mapas ; gráfs. aTesis (Ing. en Irrigación) -- UACH. Departamento de Irrigación14aAgua potable.14aAguaxAbastecimientoxPuebla.14aAguaxAprovechamientoxPuebla.14aBombeo.14aIngeniería hidráulica.0 aNúñez Acosta, Héctor Manuel.